Statistics for Naval Ships Picture Quiz

Click here to take the quiz!

General Stats

  • This quiz has been taken 74 times
  • The average score is 5 of 15

Answer Stats

Answer% Correct
Bismarck
70%
Yamato
70%
Iowa
67%
Nimitz
67%
Queen Elizabeth
66%
Arleigh Burke
46%
Scharnhorst
41%
Pensacola
26%
Admiral Hipper
18%
Pennsylvania
16%
Type 45
16%
Halifax
15%
Illustrious
15%
Town
8%
Anzac
3%

Score Distribution

Percentile by Number Answered

Percent of People with Each Score

Your Score History

You have not taken this quiz